Open Data Biblioteca Nacional de Portugal


República Portuguesa: Ministério da Cultura
Biblioteca Nacional de Portugal

Catálogo da BNP: acesso por Identificadores Unívocos
Registos Bibliográficos associados ao registo de autoridade

Etiqueta de registo: 00254nam 2200025 450
001 2283064
003 http://id.bnportugal.gov.pt/bib/catbnp/2283064
010 ## $a978-989-559-792-5
021 ## $aPT$b554946/25
100 ## $a20260327d2026 a y0pory01030103ba
101 0# $apor$cjpn
102 ## $aPT
105 ## $aa t 000zy
106 ## $ar
200 1# $aKagurabachi.$hVol. 1,$iO que se deve fazer$fTakeru Hokazono$gtrad. Graciela Naguisa
205 ## $a1ª ed
210 #9 $aPalmela$cDevir,$d2026
215 ## $a206, [10] p.$ctodo il.$d19 cm
675 ## $a087.5$vBN$zpor$3287999
675 ## $a741(=1:52)"20"$vBN$zpor$31626486
675 ## $a821.521-9"20"$vBN$zpor$31562278
700 #1 $aHokazono,$bTakeru,$f2000-$31993873
702 #1 $aKushihara,$bGraciela$4730$31877628
801 #0 $aPT$bBN$gRPC
856 41 $uhttp://rnod.bnportugal.gov.pt/ImagesBN/winlibimg.aspx?skey=&doc=2283064&img=221718&save=true
900 ## $aBIBNAC$d20260506
966 ## $lBN$mFGMON$sP. 30931 P.$x1
966 ## $lBN$mFGMON$sP. 30931 P.-D$x1
971 ## $cabrito$d20260327
972 ## $e0$z0$d20260506$vlrevez
973 ## $caalmeid$d20260424
975 ## $e0$d20260518$viquintas

Etiqueta de registo: 00254nam 2200025 450
001 2285102
003 http://id.bnportugal.gov.pt/bib/catbnp/2285102
010 ## $a978-989-559-793-2
021 ## $aPT$b554946/25
100 ## $a20260423d2026 a y0pory01030103ba
101 0# $apor$cjpn
102 ## $aPT
105 ## $aa t 000zy
106 ## $ar
200 1# $aKagurabachi.$hVol. 2,$iProfundidade do céu vs. Nuvem rasgada$fTakeru Hokazono$gtrad. Graciela Naguisa
205 ## $a1ª ed
210 #9 $aPalmela$cDevir,$d2026
215 ## $a176, [30] p.$ctodo il.$d19 cm
532 12 $aProfundidade do céu versus Nuvem rasgada
675 ## $a087.5$vBN$zpor$3287999
675 ## $a741(=1:52)"20"$vBN$zpor$31626486
675 ## $a821.521-9"20"$vBN$zpor$31562278
700 #1 $aHokazono,$bTakeru,$f2000-$31993873
702 #1 $aKushihara,$bGraciela$4730$31877628
801 #0 $aPT$bBN$gRPC
856 41 $uhttp://rnod.bnportugal.gov.pt/ImagesBN/winlibimg.aspx?skey=&doc=2285102&img=223174&save=true
900 ## $aBIBNAC$d20260608
966 ## $lBN$mFGMON$sP. 30997 P.$x1
966 ## $lBN$mFGMON$sP. 30997 P.-D$x1
971 ## $corlando$d20260423
972 ## $e0$z0$d20260608$vlrevez
973 ## $caalmeid$d20260529
975 ## $e0$d20260612$viquintas

OpendataBNP@bnportugal.pt | Mais informação sobre acesso aos dados BNP